| 000 | 00503nam a2200181Ia 4500 | ||
|---|---|---|---|
| 005 | 20250326124933.0 | ||
| 008 | 250326s9999 xx 000 0 und d | ||
| 037 | _aTextbook | ||
| 040 |
_aFMSL _beng _cFMSL |
||
| 041 |
_aeng _2eng |
||
| 084 |
_aX:8F K41 _qFMSL |
||
| 100 |
_aNiven W _9738241 |
||
| 245 | 0 |
_aBasic accounting procedures _cNiven W; Ohman A |
|
| 260 |
_aNew Jersey _bNew Jersey, Prentice-Hall _c1964 |
||
| 300 | _a369p | ||
| 942 |
_cTB _hX:8F K41 |
||
| 999 |
_c1275837 _d1275837 |
||